[Event "Oregon Open"]
[Site "?"]
[Date "1977.09.04"]
[Round "4"]
[White "Page, P."]
[Black "Bailey, B."]
[Result "0-1"]
[WhiteElo "1500"]
[BlackElo "1909"]
[Annotator "Stockfish 12 (20s)"]
[PlyCount "98"]

{C13: French: Classical System: 4 Bg5 Be7, Alekhine-Chatard Attack} 1. d4 d5 2.
Nc3 Nf6 3. Bg5 e6 4. e4 dxe4 5. Nxe4 Be7 6. Nxf6+ Bxf6 7. Bxf6 Qxf6 8. Nf3 O-O
9. Bd3 Nd7 10. O-O e5 11. c3 (11. dxe5 Nxe5 12. Nxe5 Qxe5 13. c3 Be6 14. Re1 {
1/2-1/2 (14) Spassky,B (2605)-Petrosian,T (2580) Niksic 1983}) 11... exd4 (
11... b6 12. Be4 Rb8 13. Qc2 h6 14. Rfe1 exd4 15. Nxd4 Nc5 16. Nc6 Nxe4 17.
Nxb8 Nc5 18. b4 Bf5 19. Qe2 Nd3 20. Red1 Rxb8 21. Rxd3 Bxd3 22. Qxd3 Rd8 23.
Qc2 Qd6 24. g3 Qd2 25. Rc1 Kf8 26. Kf1 {
Latini,C-Marta,D Italy 1996 1/2-1/2 (37)}) 12. Nxd4 Ne5 $146 (12... Nc5 13.
Bxh7+ Kxh7 14. Qh5+ Kg8 15. Qxc5 c6 16. Rfe1 Be6 17. Qe5 Qxe5 18. Rxe5 Rad8 19.
a4 Rd6 20. Rae1 Bd7 21. a5 b6 22. axb6 axb6 23. h3 c5 24. Nf5 Bxf5 25. Rxf5 f6
26. Re7 Rf7 27. Re8+ {Kosanski,S (2415)-Kristovic,M (2280) Zagreb 1993 1-0 (59)
}) 13. Be4 Re8 14. Qc2 h6 15. Nf5 (15. Rae1 $5 Re7 16. h3 $14) 15... Bxf5 $15
16. Bxf5 Rad8 17. Rad1 Rxd1 18. Rxd1 Qg5 (18... g6 19. Bd3 $11) 19. Qe4 g6 20.
Bh3 Rd8 21. Rxd8+ Qxd8 22. g3 Qd1+ 23. Kg2 Nd3 24. Bc8 (24. Qe8+ $5 Kg7 25. Qd7
$11) 24... Ne1+ 25. Kf1 Nd3+ 26. Kg2 b6 27. Ba6 $4 (27. Qe7 $142 Kg7 28. Ba6
$17) 27... Qh1+ $19 28. Kxh1 Nxf2+ 29. Kg2 Nxe4 30. Bd3 (30. Kf3 f5 31. Kf4 $19
) 30... Nc5 31. Bc2 (31. Bb5 f5 $19) 31... Kg7 32. g4 (32. Kf3 f5 $19) 32...
Kf6 33. h4 (33. Kf3 Ke5 $19) 33... Ke5 34. Kf3 f5 35. h5 (35. a3 b5 $19) 35...
fxg4+ 36. Kxg4 g5 37. Kf3 Ne6 38. Kg4 Nf4 39. Bg6 (39. Bh7 $19) 39... Nxg6 40.
hxg6 Kf6 41. Kh5 Kg7 42. a4 a5 43. b3 c5 44. c4 g4 45. Kxg4 Kxg6 46. Kf4 (46.
Kf3 Kg5 47. Ke4 h5 48. Kd5 h4 49. Kc6 Kf4 50. Kxb6 h3 51. Kxa5 Ke5 52. Kb5 h2
53. Kxc5 h1=Q 54. Kb4 Kd4 55. a5 Qh5 56. a6 Qc5+ 57. Ka4 Kc3 58. a7 Qxa7+ 59.
Kb5 Kxb3 60. c5 Qb7+ 61. Ka5 Ka3 62. c6 Qa7+ 63. Kb5 Kb3 64. c7 Qxc7 65. Ka6
Kc3 66. Kb5 Qd6 67. Ka5 Kc4 68. Ka4 Qb4#) 46... Kf6 (46... h5 47. Ke4 Kg5 48.
Kd5 h4 49. Kc6 h3 50. Kxb6 h2 51. Kxa5 Kf5 52. Kb5 Ke5 53. Kxc5 h1=Q 54. Kb4
Kd4 55. c5 Qb7+ 56. Ka3 Kxc5 57. Ka2 Kb4 58. Kb2 Qg2+ 59. Ka1 Kxb3 60. Kb1 Kxa4
61. Kc1 Qe2 62. Kb1 Kb3 63. Ka1 Qd1#) 47. Kg4 (47. Ke4 h5 48. Kf4 Kg6 49. Ke5
h4 50. Kf4 Kh5 51. Kf3 Kg5 52. Ke4 Kg4 53. Kd5 h3 54. Kc6 h2 55. Kxb6 h1=Q 56.
Kxc5 Kf5 57. Kd4 Qd1+ 58. Kc5 Ke5 59. b4 Qd6+ 60. Kb5 Qxb4+ 61. Ka6 Qxa4 62. c5
Qb4 63. Ka7 Qxc5+ 64. Ka6 a4 65. Kb7 a3 66. Kb8 a2 67. Kb7 a1=Q 68. Kb8 Qaa7#)
47... Ke5 48. Kh5 Kd4 49. Kxh6 Kc3 (49... Kc3 50. Kg5 Kxb3 51. Kf4 Kxa4 52. Ke4
b5 53. Kd5 b4 54. Ke4 b3 55. Kd3 b2 56. Kc2 b1=Q+ 57. Kxb1 Kb3 58. Kc1 a4 59.
Kb1 Kxc4 60. Kb2 a3+ 61. Kxa3 Kd3 62. Ka2 c4 63. Ka1 c3 64. Kb1 Kd2 65. Ka2 c2
66. Ka3 c1=Q+ 67. Kb4 Qc6 68. Ka5 Kd3 69. Kb4 Qb6+ 70. Ka3 Kc3 71. Ka2 Qb2#)
0-1

[Event "Oregon Open"]
[Site "?"]
[Date "1977.09.04"]
[Round "5"]
[White "Bailey, B."]
[Black "Hansen, N."]
[Result "0-1"]
[WhiteElo "1909"]
[BlackElo "1638"]
[Annotator "Stockfish 12 (15s)"]
[PlyCount "44"]

{B92: Sicilian Najdorf: 6 Be2} 1. e4 c5 2. Nf3 d6 3. d4 cxd4 4. Nxd4 Nf6 5. Nc3
a6 6. Be2 e5 7. Nb3 Be7 8. Be3 O-O 9. O-O Qc7 10. f3 Be6 11. Qe1 $146 (11. Nd5
Bxd5 12. exd5 Nbd7 13. c4 b6 (13... a5 14. a4 b6 15. Bd3 Nc5 16. Nxc5 bxc5 17.
Qc2 g6 18. g4 Nd7 19. g5 f5 20. Kh1 Rf7 21. Rg1 Bf8 22. Bd2 Bg7 23. Bc3 Nb6 24.
Qd2 Qd8 25. Rg2 Nd7 26. h4 e4 27. fxe4 f4 28. Rf1 {
Petrovic,S (2300)-Landenbergue,C (2416) Geneve 2004 0-1 (37)}) (13... Nb6 14.
Nd2 Nfd7 15. b3 f5 16. Rc1 Nf6 17. Bd3 g6 18. Qe2 Nbd7 19. Bf2 Qa5 20. Bb1 Bd8
21. Kh1 Bb6 22. Be1 Bc5 23. Ne4 Qa3 24. Nxf6+ Nxf6 25. Bd2 Rae8 26. Bg5 Nd7 27.
Rcd1 Qa5 28. Bd3 {Drewitz,F-Beliavsky,B St Petersburg 1992 1/2-1/2 (75)}) 14.
Nd2 a5 15. Nb1 Ne8 16. Nc3 Qd8 17. a3 Bg5 18. Bf2 f5 19. Qc2 Qf6 20. Bd3 g6 21.
Na4 Qd8 22. b4 Nef6 23. c5 bxc5 24. bxc5 Nxc5 25. Nxc5 dxc5 {
Bisguier,A-Barcza,G Zagreb 1955 1-0 (62)}) (11. Rc1 Nbd7 12. Qd2 b5 13. a3 Rfd8
14. Rfd1 Nb6 15. Bxb6 Qxb6+ 16. Kh1 d5 17. exd5 Nxd5 18. Nxd5 Bxd5 19. Qe1 Qe6
20. Nd2 Bg5 21. Rb1 f5 22. Nf1 Rac8 23. c3 Rf8 24. Qg3 Bf4 25. Qf2 e4 {
Damia,A-Cortina,F Paderno del Grappa 2000 0-1 (57)}) (11. Nd5 Nxd5 12. exd5 Bf5
$11) 11... d5 (11... b5 $5 $17) 12. exd5 $11 Nxd5 13. Nxd5 Bxd5 14. Bd3 (14. c4
Be6 $11 (14... Bxc4 $143 15. Rc1 b5 16. Na5 $18)) 14... Nc6 15. c3 Rfd8 16. Rd1
Na5 17. Qf2 $4 (17. Nxa5 $142 Qxa5 18. c4 Qxe1 19. Rfxe1 $11 (19. Rdxe1 $143
Bxf3 20. Bxh7+ Kxh7 21. gxf3 Rac8 $15)) 17... Nxb3 $19 18. axb3 Bxb3 19. Bb6
Qc8 20. Bxd8 $4 (20. Bc2 Rxd1 21. Rxd1 Bxc2 22. Qxc2 $19) 20... Bc5 21. Rd2 (
21. Bb6 Bxf2+ 22. Bxf2 Bxd1 23. Rxd1 Qc7 $19) 21... Bxf2+ 22. Rfxf2 Qxd8 0-1

[Event "Oregon Open"]
[Site "?"]
[Date "1977.09.05"]
[Round "6"]
[White "Wallach, R."]
[Black "Bailey, B."]
[Result "1/2-1/2"]
[WhiteElo "1431"]
[BlackElo "1909"]
[Annotator "Stockfish 12 (15s)"]
[PlyCount "86"]

{C97: Closed Ruy Lopez: Chigorin Defence: 11 d4 Qc7, sidelines} 1. e4 e5 2. Nf3
Nc6 3. Bb5 a6 4. Ba4 b5 5. Bb3 Be7 6. O-O Nf6 7. Re1 O-O 8. c3 d6 9. h3 Na5 10.
Bc2 c5 11. d4 Qc7 12. Nbd2 Nb7 13. Nf1 cxd4 $146 (13... Bd7 14. Ne3 Rac8 15. b4
Rfd8 16. bxc5 dxc5 17. dxe5 Bc6 18. Qe2 Nxe4 19. Nf5 Nxc3 20. Qe3 b4 21. Nxg7
Be4 22. Bxe4 Nxe4 23. Nh5 Qc6 24. Qxe4 Qxe4 25. Rxe4 c4 26. Rg4+ Kh8 27. Bh6
Bf8 28. Bg5 {Eyo Castro Rial,A (2178)-Paz Vizcaya,M Ourense 2006 1-0 (33)}) (
13... Nd8 14. Ne3 (14. Ng3 Re8 15. Be3 Nd7 16. dxe5 dxe5 17. a4 Bb7 18. axb5
axb5 19. Rxa8 Bxa8 20. Nf5 Bf8 21. Qe2 Bc6 22. Rd1 Nb6 23. Ne1 Nc4 24. Bc1 Ne6
25. b3 Nb6 26. Nd3 Nd7 27. f3 Ra8 28. Bb1 Qa7 {
Hrouza,O (1771)-Mareska,D (1376) Plzen 2001 1-0 (46)}) 14... g6 15. dxe5 dxe5
16. Nh2 Bb7 17. Neg4 Ne6 18. Qf3 Nxg4 19. Nxg4 f5 20. Nh6+ Kg7 21. Qg3 f4 22.
Qg4 Ng5 23. h4 Bc8 24. Nf5+ gxf5 25. exf5 h5 26. Qxh5 Nh7 27. f6+ Nxf6 28. Qg5+
{Silveira,S (2083)-Lage,S (1852) Brazil 2003 1-0 (38)}) (13... Be6 14. b3 $16)
14. cxd4 exd4 (14... Na5 $5 $16) 15. Nxd4 $18 Nc5 (15... Na5 16. Ng3 $18) 16.
Bf4 (16. Ng3 $5 Re8 $18) 16... Ne6 $16 17. Nxe6 (17. Be3 $5 $16) 17... Bxe6 18.
e5 (18. Ng3 $5 $16) 18... dxe5 $11 19. Bxe5 Qb7 $4 (19... Qb6 20. Ne3 Rfe8 21.
Qf3 $11) 20. Ne3 $4 (20. Bxf6 $142 Bxf6 21. Be4 $18) 20... Rfd8 $11 21. Qe2
Rac8 (21... g6 22. Rad1 $11) 22. Bf5 (22. Nf5 $142 $5 $16) 22... Qb6 23. Rac1
Bxf5 (23... g6 $142 $5 24. Rxc8 Bxc8 (24... Rxc8 $2 25. Bxf6 Bxf6 26. Nd5 Bxd5
27. Bxc8 $18) 25. Bxc8 Rxc8 $11) 24. Nxf5 $16 Bf8 $4 (24... Qe6 $142 25. Nd4
Qd7 $16) 25. Rxc8 (25. Nh6+ $142 $1 Kh8 26. Nxf7+ Kg8 27. Nxd8 Rxc1 28. Rxc1
Qxd8 29. Qe3 $18) 25... Rxc8 26. Bd4 Qd8 (26... Qc6 27. Nh6+ $1 Kh8 28. Nxf7+
Kg8 29. Nh6+ Kh8 30. Nf7+ Kg8 31. Nh6+ Kh8 $18) 27. Bxf6 (27. Nh6+ $142 $1 gxh6
28. Bxf6 $18) 27... Qxf6 $11 28. Ne7+ Bxe7 29. Qxe7 Qxe7 (29... Qxb2 $4 30.
Qe8+ Rxe8 31. Rxe8#) 30. Rxe7 Kf8 31. Ra7 Rc6 32. Kh2 g6 33. Kg3 Kg7 34. Kf3
Re6 35. Rd7 g5 36. Rd4 f5 37. a4 bxa4 38. Rxa4 h6 39. g3 Kf6 40. Ra5 Kg6 41.
Ra4 Kf7 42. Ra3 Ke7 43. Ra4 Kf6 1/2-1/2

[Event "Oregon Open"]
[Site "?"]
[Date "1977.09.05"]
[Round "7"]
[White "Murtola, T."]
[Black "Bailey, B."]
[Result "1/2-1/2"]
[WhiteElo "1408"]
[BlackElo "1909"]
[Annotator "Stockfish 12 (15s)"]
[PlyCount "66"]

{B30: Sicilian: 2...Nc6 3 Bb5, lines without ...g6} 1. e4 c5 2. Nf3 Nc6 3. Bb5
a6 4. Bxc6 bxc6 5. O-O d5 6. d3 Bg4 7. h3 Bh5 8. Be3 $146 (8. e5 e6 9. c3 Qc7
10. Re1 Bxf3 11. Qxf3 Ne7 12. Nd2 Ng6 13. Qe2 Be7 14. Nf1 O-O 15. g4 h6 16. Ng3
Rae8 17. Nh5 f6 18. Nf4 Nxf4 19. Bxf4 f5 20. Kh1 Bh4 21. Rg1 g5 22. Bg3 Bxg3 {
Moncayo Romero,E (2220)-Castaneda,K Yucay 2001 1-0 (64)}) (8. c3 dxe4 9. dxe4
Qxd1 10. Rxd1 f6 11. Nbd2 Rd8 12. Re1 e5 13. Nb3 Bf7 14. Be3 Rb8 15. Reb1 Rb5
16. Nbd2 g5 17. c4 Rb4 18. Ne1 Bd6 19. Nd3 Rb8 20. Nxc5 a5 21. b3 Ne7 22. Rd1
Ng6 {Nogueira,I (2253)-Oliveira,E (2096) Sao Paulo 2002 1-0}) (8. Nbd2 e6 9. c3
Qb6 10. Re1 Bd6 11. Qa4 Qb5 12. Qc2 Bxf3 13. Nxf3 Ne7 14. e5 Bc7 15. b3 Qb7 16.
Ba3 Bb6 17. d4 cxd4 18. cxd4 Rc8 19. Rac1 Ba5 20. Red1 Bb4 21. Bxb4 Qxb4 22.
Rd3 Qb7 {Kornath,H (1790)-Manske,H (1507) Berlin 2006 0-1 (42)}) (8. Nc3 e6 9.
Qe2 Be7 10. b3 Nf6 11. Ba3 Bxf3 12. Qxf3 O-O 13. Na4 Nd7 14. Rad1 Qc7 15. c4 d4
16. Bc1 Bd6 17. Qe2 f5 18. exf5 exf5 19. f4 Rae8 20. Qf3 Re6 21. Rde1 Rfe8 22.
Rxe6 Rxe6 {Loheac Amoun,F-Belarbi,M (2220) Siegen 1970 1-0 (53)}) (8. c4 $5 Nf6
9. e5 $16) 8... e6 9. Nbd2 Nf6 10. Qc1 (10. c4 d4 11. Bg5 h6 $14) 10... Bxf3 (
10... Qc7 $142 $5 $11) 11. Nxf3 $14 (11. gxf3 $2 Nh5 12. Nb3 Bd6 $19) 11...
dxe4 (11... Be7 $5 $14) 12. dxe4 $16 Nxe4 13. Re1 (13. Bf4 $5 Be7 14. Ne5 $16)
13... Nf6 $14 14. c4 Be7 15. Rd1 (15. Ne5 Qc7 16. Bf4 Bd6 $14) 15... Qc8 16.
Ne5 O-O 17. Bg5 (17. Rd3 Rd8 18. Rxd8+ Bxd8 $14) 17... Ra7 (17... Qc7 $142 $5
18. Qe3 Rad8 $11) 18. Qe3 $16 Rb7 19. b3 h6 20. Bxf6 (20. Bh4 $142 $5 g5 21.
Bg3 $14) 20... Bxf6 $11 21. Qxc5 {Exerts pressure on the isolated pawn} Bxe5
22. Qxe5 Rd7 23. Qe2 Rfd8 24. Rxd7 Qxd7 25. Rb1 c5 26. Kf1 Qc7 27. Rd1 Rxd1+
28. Qxd1 Qa5 29. Qc2 Qd8 30. Ke2 Qd4 31. Qd3 Qb2+ 32. Qd2 Qe5+ 33. Qe3 Qb2+
1/2-1/2

[Event "Christmas Congress"]
[Site "?"]
[Date "1977.12.27"]
[Round "1"]
[White "Comberrel, D."]
[Black "Bailey, B."]
[Result "0-1"]
[WhiteElo "1455"]
[BlackElo "1810"]
[Annotator "Stockfish 12 (20s)"]
[PlyCount "142"]

{D00: 1 d4 d5: Unusual lines} 1. f4 d5 2. d4 Nf6 3. Nd2 (3. Nc3 Nc6 4. e3 a6 5.
Nf3 g6 6. a3 Bh6 7. Be2 Bf5 8. O-O O-O 9. Ne5 Qd6 10. Nxc6 Qxc6 11. g4 Be4 12.
g5 Qe6 13. gxf6 exf6 14. Nxe4 Qxe4 15. Bd3 Qe6 16. Qf3 f5 17. Qh3 Bg7 {
Kneip,J (1598)-Wehlend,R (1252) Koblenz 2003 1-0 (48)}) 3... e6 $146 (3... Bf5
4. Ngf3 e6 5. e3 Nbd7 (5... Bd6 6. Be2 Nbd7 7. Ne5 Be4 8. O-O O-O 9. Nxe4 Nxe4
10. Bd3 Ndf6 11. Qe2 c5 12. c3 Rc8 13. Ng4 Nxg4 14. Qxg4 f5 15. Qe2 Nf6 16. Rf3
c4 17. Bc2 Rf7 18. Bd2 b5 19. Rh3 a5 20. a3 {
Vujosevic,S (2120)-Healy,H (1990) Haifa 1976 0-1 (55)}) 6. c3 Bd6 7. Be2 c5 8.
Ne5 a6 9. a4 b6 10. O-O O-O 11. g4 Be4 12. g5 Ne8 13. Nxe4 dxe4 14. Nxd7 Qxd7
15. dxc5 bxc5 16. Qc2 Qc6 17. Bc4 Bc7 18. b3 {
Lebel Arias,J (2150)-Trabert,B (2225) Tuzla 1987 0-1 (31)}) (3... Bf5 4. Ngf3
$17) 4. e3 c5 5. c3 b6 6. Bd3 Bb7 7. Ngf3 Bd6 8. O-O O-O 9. Ne5 Nbd7 (9... Ne4
10. Nxe4 dxe4 11. Be2 $11) 10. Rf3 (10. Qf3 $5 $11) 10... Ne4 $15 11. Qc2 (11.
Rh3 g6 $15) 11... f5 $17 12. Rh3 Ndf6 13. Qd1 Nxd2 (13... h6 $5 $17) 14. Bxd2
$11 Bxe5 15. fxe5 Ne4 16. Be1 (16. Bxe4 fxe4 17. Qh5 h6 $11) 16... Qg5 (16...
Qe8 $5 $15) 17. Bh4 $11 Qg4 $4 (17... Qg6 $142 $11) 18. Be2 $18 Qg6 19. Bh5 (
19. Be7 Qf7 20. Bxf8 Rxf8 $18) 19... Qh6 20. Be7 g6 21. Bxf8 Rxf8 22. Be2 Qg7
23. Qa4 Bc8 (23... g5 24. Rf3 (24. Qxa7 g4 25. Rg3 h5 26. Qxb6 Bc8 $15) 24...
a5 25. Bd3 $18) 24. Rf1 (24. Bf3 $5 Qf7 $18) 24... g5 25. Bd3 $4 (25. Rh5 $142
$18) 25... g4 $11 26. Rh5 Qg6 27. Bxe4 Qxh5 28. Bd3 Qh6 29. Re1 Qg7 30. Bb5 Qf7
31. Rf1 Qe7 32. Rf4 Kh8 33. Be2 Rg8 34. Kh1 Qc7 35. Bb5 Rg7 36. Be2 Bd7 37. Qd1
Bc6 38. Qf1 Qd7 39. Kg1 h5 40. Qf2 Qe7 41. Bd3 Bd7 (41... c4 42. Bf1 $15) 42.
Qe2 (42. dxc5 bxc5 43. c4 dxc4 44. Bxc4 Bc6 $11) 42... Bc8 (42... c4 43. Bc2
$11) 43. Qe1 Bd7 44. Qe2 (44. dxc5 Qxc5 45. Rd4 Qe7 $11) 44... Be8 (44... c4
45. Bc2 $15) 45. Bc2 b5 46. Bd3 (46. dxc5 $142 Qxc5 47. Qd3 $11) 46... c4 $17
47. Bc2 Qf8 (47... h4 48. Rf1 $17) 48. Qd2 (48. e4 dxe4 49. Qxe4 Rf7 $11 (49...
fxe4 $4 50. Rxf8+ Rg8 51. Rxg8+ Kxg8 52. Bxe4 $18)) 48... Rb7 (48... Qe7 $5 $17
) 49. e4 $11 dxe4 50. Bxe4 Rf7 51. Bc2 (51. Ba8 $5 Bd7 52. d5 Qxa8 53. dxe6
Bxe6 54. Rd4 $11) 51... Bc6 $17 52. Qf2 (52. h4 $17) 52... Qh6 (52... Qe7 $142
$17) 53. Bb1 $4 (53. Be4 Bxe4 54. Rxe4 h4 $11) 53... Bd5 (53... Rg7 $142 54. b4
Bd5 55. g3 $19) 54. Qf1 $4 (54. Be4 $142 $1 Bxe4 55. Rxe4 $11) 54... h4 (54...
Rg7 55. Rf2 g3 56. Re2 gxh2+ 57. Kxh2 $19) 55. Bc2 $4 (55. Be4 $142 Bxe4 56.
Rxe4 $19) 55... Kg8 56. Bd1 (56. Qc1 Rg7 $19) 56... Bf3 57. Rxf3 gxf3 58. Qxf3
Qd2 59. Qe2 (59. h3 Qxb2 60. Qe3 $19) 59... Qxe2 (59... Qc1 $142 60. a3 h3 $19)
60. Bxe2 Kg7 61. b3 $4 (61. a3 $142 $17) 61... cxb3 $19 62. axb3 Rc7 63. Bxb5 (
63. Kf2 Rxc3 64. b4 Rb3 $19) 63... Rxc3 64. Bc4 (64. b4 Rb3 $19) 64... Kf7 65.
d5 (65. Kf1 Ke7 $19) 65... exd5 66. Bxd5+ Ke7 67. e6 (67. Kf1 a5 $19) 67... Kd6
68. Bc4 (68. e7 Kxe7 69. b4 Rc1+ 70. Kf2 $19) 68... Rxc4 $1 69. bxc4 a5 70. c5+
Kxe6 71. c6 Kd6 0-1

[Event "Christmas Congress"]
[Site "?"]
[Date "1977.12.27"]
[Round "2"]
[White "Bailey, B."]
[Black "Gellings, R."]
[Result "1-0"]
[WhiteElo "1810"]
[BlackElo "1558"]
[Annotator "Stockfish 12 (20s)"]
[PlyCount "91"]

{C66: Ruy Lopez: Steinitz Defence} 1. e4 e5 2. Nf3 Nc6 3. Bb5 Nf6 4. O-O d6 5.
d4 Bd7 6. d5 Nb8 7. Qe2 (7. Bxd7+ Nbxd7 8. Re1 Be7 9. c4 c5 10. Nc3 a6 11. a3
h6 12. b4 O-O 13. h3 Nh7 14. Be3 f5 15. exf5 Rxf5 16. bxc5 Nxc5 17. Bxc5 dxc5
18. Qd3 Rf8 19. Rab1 b6 20. Nxe5 Bh4 21. g3 Bf6 {
Sigalas,F (2275)-Gabai,A Nikea 2004 1-0 (46)}) 7... a6 $146 (7... Be7 8. Bxd7+
Nbxd7 9. c4 c6 10. dxc6 bxc6 11. Nc3 O-O 12. Rd1 Qc7 13. Be3 Rab8 14. Rd2 Rfd8
15. Rad1 Ne8 16. Ne1 g6 17. Nd3 Ng7 18. Rc2 Ne6 19. Nd5 cxd5 20. cxd5 Qb7 21.
dxe6 fxe6 22. Qg4 {Sax,G (2550)-Campora,D (2490) Vrsac 1981 1-0 (53)}) (7... c6
8. Bd3 $14) 8. Bxd7+ $16 Nbxd7 9. c4 Be7 10. Nc3 O-O 11. b4 (11. Rb1 $5 $16)
11... a5 $11 12. Ba3 (12. b5 Nc5 $14) 12... c6 (12... axb4 13. Bxb4 c5 14. dxc6
bxc6 15. a4 $11) 13. dxc6 bxc6 $2 (13... axb4 $142 14. c7 Qxc7 15. Bxb4 Nb6 $11
) 14. Rfd1 $4 (14. b5 cxb5 15. cxb5 Rc8 $16) 14... Qc7 (14... axb4 $142 15.
Bxb4 c5 $19) 15. b5 $16 Rac8 16. Rac1 Rfd8 17. Rc2 Nf8 18. bxc6 (18. g3 h6 $16)
18... Qxc6 19. Nxe5 (19. Rb1 $142 $5 Rb8 20. Rcb2 Rxb2 21. Rxb2 $14) 19... dxe5
$11 20. Bxe7 Rxd1+ 21. Nxd1 Ne6 $2 (21... Qxe4 $142 22. Ne3 Ne6 $11) 22. Bxf6
$18 Nd4 $4 (22... gxf6 23. Qg4+ Kh8 $18) 23. Qg4 $1 g6 (23... -- $140 24. Qxg7#
{Mate threat}) 24. Rc1 (24. Rd2 $142 Qe6 25. Qxe6 fxe6 26. Bxe5 $18) 24... h5
$19 25. Qg5 Ne2+ 26. Kh1 Nxc1 27. Bxe5 $4 (27. h3 Kh7 28. Bxe5 $19) 27... Kh7 (
27... Qxe4 $142 28. h4 Re8 $19) 28. Qxc1 $14 Qxe4 {
Attacking the isolated pawn on c4} 29. Bc3 Qxc4 30. Kg1 Qd3 (30... Qxa2 $142
31. h4 a4 $11) 31. h3 a4 $2 (31... f6 $142 32. h4 Rc5 $16) 32. Kh2 $4 (32. a3
$142 $18) 32... Qe2 $4 (32... a3 $142 $14) 33. Qf4 $18 Qe6 (33... Qxa2 34. Qd4
Rxc3 35. Nxc3 $18 (35. Qxc3 $6 a3 $11)) 34. Qd4 Rg8 (34... f6 35. Qxa4 Qc6 36.
Qd4 $18) 35. Qxa4 (35. Ne3 g5 36. Nd5 Qd6+ 37. Kg1 Kg6 38. Qe4+ Kh6 $18) 35...
Qd5 (35... Rc8 36. Qd4 f6 37. Qa7+ Kg8 38. Qb7 $18) 36. Ne3 Qd6+ 37. Kg1 Rb8
38. Qa7 (38. Qe4 $142 f5 39. Qc2 Rb7 $18) 38... Rb1+ 39. Nf1 Rxf1+ (39... Qf4
40. Qe7 Rc1 $18) 40. Kxf1 Qd1+ 41. Be1 Qd3+ 42. Kg1 Qe2 43. Qxf7+ Kh6 44. Bc3
Qd1+ 45. Kh2 Qd6+ (45... Qd4 46. Bxd4 h4 47. Bg7+ Kg5 48. Qd5+ Kf4 49. Qe5#)
46. g3 (46. g3 h4 47. Bg7+ Kg5 48. f4+ Qxf4 49. Qxf4+ Kh5 50. Qxh4#) (46. f4
Qd4 47. Bxd4 h4 48. Qg7+ Kh5 49. Qh7#) 1-0

[Event "Christmas Congress"]
[Site "?"]
[Date "1977.12.27"]
[Round "3"]
[White "Fairley, M."]
[Black "Bailey, B."]
[Result "1-0"]
[WhiteElo "1647"]
[BlackElo "1810"]
[Annotator "Stockfish 12 (15s)"]
[PlyCount "32"]

{C42: Petroff Defence: 3 Nxe5 and unusual White 3rd moves} 1. e4 e5 2. Bc4 Nf6
3. Nf3 Nxe4 4. Nc3 Nxc3 5. dxc3 f6 6. O-O d6 7. Re1 (7. Nh4 g6 8. f4 Qe7 9. Be3
Nc6 10. f5 Qg7 11. Bd3 Ne7 12. fxg6 hxg6 13. Qe1 Bd7 14. Qg3 f5 15. Bg5 f4 16.
Qf3 O-O-O 17. Qf2 Kb8 18. Nxg6 Rh5 19. Bxe7 Bxe7 20. Qe2 Qh6 21. Nxe7 Rxh2 {
Brandner,S (2340)-Kummer,H (2315) Werfen 1998 0-1}) 7... Bg4 (7... Nd7 8. Nh4
g6 9. f4 Nb6 10. Bb3 Qe7 11. f5 Qg7 12. Qd3 g5 13. Nf3 Bd7 14. Nd4 O-O-O 15.
Ne6 Bxe6 16. Bxe6+ Kb8 17. a4 c6 18. a5 Nc8 19. c4 d5 20. cxd5 cxd5 21. Be3 Qc7
22. c3 {Sanhueza,C-Herrera,D Guaymallen 2001 1/2-1/2 (57)}) 8. Qd5 Qd7 $146 (
8... Qc8 9. Qf7+ Kd8 10. Nd4 Qd7 11. Ne6+ Bxe6 12. Bxe6 Qxf7 13. Bxf7 Nc6 14.
b4 a6 15. f4 Kd7 16. Be3 exf4 17. Bxf4 Ne5 18. Rad1 Nxf7 {
0-1 (18) Pope,J-Keirstead,M London,Canada 1991}) (8... Bh5 9. Qxb7 Bxf3 10.
gxf3 Nd7 $18) 9. Qxb7 Bxf3 (9... Ke7 10. Qxa8 Qc6 11. Qxa7 Qxc4 12. Qxb8 $18)
10. gxf3 c6 (10... Nc6 11. Qxa8+ Nd8 12. a4 $18) 11. Qxa8 Qc7 12. Be3 c5 (12...
Kd7 $18) 13. b4 g5 14. Qd5 (14. bxc5 d5 15. Bxd5 Ke7 16. Rab1 Bg7 17. Rb7 Nd7
18. Qxa7 Qxb7 19. Qxb7 Rd8 20. c6 f5 21. cxd7 Bh6 22. Qc6 Rxd7 23. Bc5+ Kd8 24.
Qa8+ Kc7 25. Qb7+ Kd8 26. Qb8#) 14... Nd7 15. Bb5 (15. bxc5 $142 h6 $18) 15...
h5 16. Qe6+ (16. bxc5 $142 a6 17. Ba4 Be7 $18) 16... Be7 1-0

[Event "Christmas Congress"]
[Site "?"]
[Date "1977.12.28"]
[Round "4"]
[White "Bailey, B."]
[Black "Lindholm, R."]
[Result "1/2-1/2"]
[WhiteElo "1810"]
[BlackElo "1513"]
[Annotator "Stockfish 12 (15s)"]
[PlyCount "87"]

{B73: Sicilian Dragon: Classical System without 9 Nb3} 1. e4 d6 2. d4 Nf6 3.
Nc3 g6 4. f4 Bg7 5. Nf3 c5 6. Be2 O-O 7. O-O cxd4 8. Nxd4 Nc6 9. Be3 Qb6 10.
Rb1 Nxe4 11. Nf5 Nxc3 12. bxc3 Qc7 (12... Qa5 13. Nxg7 Kxg7 14. f5 Bxf5 15. Qd2
Kh8 16. Bh6 Rfe8 17. Rxb7 Rab8 18. Rxb8 Rxb8 19. h4 (19. h3 Qxa2 20. Bf3 Ne5
21. Bd5 Qxc2 22. Qd4 Qd3 23. Qxa7 Re8 24. Qa2 e6 25. Qa4 Rc8 26. Qh4 Nd7 27.
Bc6 g5 28. Qa4 Qe3+ 29. Kh1 Nf6 30. Qa6 Rc7 31. Qa8+ Ng8 32. Qd8 Rxc6 33. Qe8
Qxc3 {Friml,A (2189)-Karlik,V (2293) Usti nad Orlici 2006 0-1 (42)}) 19... Qxa2
20. Bf3 Ne5 21. Bd5 Qxc2 22. Qd4 Rb1 23. Bc4 Be4 24. Bd2 f6 25. Be6 Rxf1+ 26.
Kxf1 Qd3+ 27. Kf2 {Ramsingh,Y (2250)-Baumegger,S (2360) Elista 1998 0-1 (42)})
13. Nxg7 Kxg7 14. Qe1 $146 (14. Bd3 f5 15. h4 e5 16. h5 Be6 17. h6+ Kg8 18. Ra1
Ne7 19. fxe5 dxe5 20. Bg5 Nd5 21. c4 Nb6 {0-1 (21) Will,D-Grafl,F Hessen 1995})
14... Bd7 15. Qh4 f5 (15... f6 $142 $5 $17) 16. Bf3 Rae8 (16... Rf7 17. Rfe1
$11) 17. Bxa7 $11 Nxa7 18. Rxb7 Qc5+ 19. Qf2 Bb5 (19... Qxf2+ $5 20. Kxf2 Bc6
21. Rxa7 Bxf3 22. gxf3 Kf6 $11) 20. Qxc5 $14 dxc5 21. Rxa7 $4 (21. Re1 $142 Bc6
22. Rxa7 Bxf3 23. gxf3 $14) 21... Bxf1 $19 22. Kxf1 Kf6 (22... Rf7 $142 23. Ra5
e5 24. Be2 exf4 25. Rxc5 $19) 23. a4 e5 $4 (23... Rb8 $142 24. Ra6+ e6 $19) 24.
fxe5+ $15 Rxe5 25. Rb7 $4 (25. Rxh7 $142 Rb8 26. Rc7 $15) 25... Rfe8 $19 26. a5
R8e7 (26... Re1+ $142 27. Kf2 Ra1 28. Rxh7 $19) 27. a6 $4 (27. Rxe7 $142 Rxe7
28. a6 $11) 27... Re1+ $19 28. Kf2 Rxb7 (28... Ra1 $142 29. Rb6+ Re6 $19) 29.
Kxe1 (29. axb7 Rb1 30. h4 $19) 29... Rb1+ 30. Kd2 Ra1 31. Bb7 (31. Be2 Ke5 $19)
31... Ke5 32. Kd3 Ra4 33. Ke3 (33. h4 Kd6 $19) 33... g5 34. g3 (34. Kf2 Ra3 $19
) 34... f4+ 35. gxf4+ (35. Kf3 h5 $19) 35... gxf4+ 36. Kf3 Kf5 37. Bc8+ Ke5 38.
Bb7 h5 39. Kf2 (39. Ke2 c4 $19) 39... Ra2 40. Kf3 Ra3 (40... c4 $142 41. h3 $19
) 41. Kf2 Kf5 (41... Ra2 $142 42. Ke2 Rxc2+ 43. Kd3 $19) 42. Kg2 Kg5 (42... Ra2
$142 43. Kf3 Ke5 $19) 43. h3 (43. Kf2 $19) 43... h4 44. Kf2 1/2-1/2